| 000 | 00523nam a2200229Ia 4500 | ||
|---|---|---|---|
| 003 | IT-RoPAU | ||
| 008 | 120407s9999 xx 000 0 und d | ||
| 040 | _aIT-RoPAU | ||
| 040 | _cIT-RoPAU | ||
| 041 | _aita | ||
| 100 | _aPietro Metastasio | ||
| 245 | _aOpere. A cura di Mario Fubini. | ||
| 250 | _aMilano - Napoli | ||
| 260 | _aR. Ricciardi | ||
| 260 | _c1968 | ||
| 300 | _a1176 p. | ||
| 300 | _c22,5 cm | ||
| 490 | _aLa letteratura Italiana, Storia e Testi | ||
| 490 | _v141 | ||
| 942 | _cBK | ||
| 999 |
_c24615 _d24615 |
||